| 000 | 00493nam a2200181 i 4500 | ||
|---|---|---|---|
| 001 | 32139 | ||
| 003 | ES-MaACL | ||
| 005 | 20250718094643.0 | ||
| 007 | t| | ||
| 008 | 030225q1910 xxk |||| |beng d | ||
| 100 | 1 |
_aAdy, Julia Mary Cartwright. _918503 |
|
| 245 | 1 | 0 |
_aRaphael / _cJulia Cartwright. |
| 260 |
_aLondon : _bDuckworth & Co., _c[ca. 1910] |
||
| 300 |
_aXII, 224 p. ; _c15 cm. |
||
| 600 | 0 | 4 |
_aRaffaello, _d1483-1520 _9222299 |
| 852 |
_aES-MaACL _jF-462 |
||
| 999 |
_c32139 _d32139 |
||